<?xml version="1.0" encoding="UTF-8"?>
<record
    xmlns:xsi="http://www.w3.org/2001/XMLSchema-instance"
    xsi:schemaLocation="http://www.loc.gov/MARC21/slim http://www.loc.gov/standards/marcxml/schema/MARC21slim.xsd"
    xmlns="http://www.loc.gov/MARC21/slim">

  <leader>00810cam a22002298i 4500</leader>
  <controlfield tag="003">OSt</controlfield>
  <controlfield tag="005">20260702121949.0</controlfield>
  <controlfield tag="008">260702b        |||||||| |||| 00| 0 eng d</controlfield>
  <datafield tag="020" ind1=" " ind2=" ">
    <subfield code="a">9781032193687</subfield>
    <subfield code="q">(hardback)</subfield>
  </datafield>
  <datafield tag="020" ind1=" " ind2=" ">
    <subfield code="a">9781032169903</subfield>
    <subfield code="q">(paperback)</subfield>
  </datafield>
  <datafield tag="020" ind1=" " ind2=" ">
    <subfield code="z">9781003258865</subfield>
    <subfield code="q">(ebook)</subfield>
  </datafield>
  <datafield tag="040" ind1=" " ind2=" ">
    <subfield code="a">KABLIB</subfield>
    <subfield code="b">eng</subfield>
    <subfield code="e">rda</subfield>
    <subfield code="c">KABLIB </subfield>
  </datafield>
  <datafield tag="082" ind1="0" ind2="0">
    <subfield code="a">428.0071</subfield>
    <subfield code="2">23</subfield>
    <subfield code="b">DIV</subfield>
  </datafield>
  <datafield tag="245" ind1="0" ind2="0">
    <subfield code="a">Diversity and inclusion in English language education :</subfield>
    <subfield code="b">supporting learning through research and practice /</subfield>
    <subfield code="c">Ann-Marie Hunter (editor)</subfield>
  </datafield>
  <datafield tag="264" ind1=" " ind2="1">
    <subfield code="a">New York, NY :</subfield>
    <subfield code="b">Routledge,</subfield>
    <subfield code="c">c2024</subfield>
  </datafield>
  <datafield tag="300" ind1=" " ind2=" ">
    <subfield code="a">xvii, 230 p. :</subfield>
    <subfield code="b">ill.</subfield>
    <subfield code="c">23 cm</subfield>
  </datafield>
  <datafield tag="504" ind1=" " ind2=" ">
    <subfield code="a">Includes bibliographical references, index.</subfield>
  </datafield>
  <datafield tag="650" ind1=" " ind2="0">
    <subfield code="a">English language</subfield>
  </datafield>
  <datafield tag="650" ind1=" " ind2="0">
    <subfield code="a">Inclusive education.</subfield>
    <subfield code="9">5825</subfield>
  </datafield>
  <datafield tag="700" ind1="1" ind2=" ">
    <subfield code="a">Hunter, Ann-Marie,</subfield>
    <subfield code="e">editor.</subfield>
    <subfield code="9">15875</subfield>
  </datafield>
  <datafield tag="942" ind1=" " ind2=" ">
    <subfield code="2">ddc</subfield>
    <subfield code="c">BOOK</subfield>
  </datafield>
  <datafield tag="999" ind1=" " ind2=" ">
    <subfield code="c">6245</subfield>
    <subfield code="d">6245</subfield>
  </datafield>
  <datafield tag="952" ind1=" " ind2=" ">
    <subfield code="0">0</subfield>
    <subfield code="1">0</subfield>
    <subfield code="2">ddc</subfield>
    <subfield code="4">0</subfield>
    <subfield code="7">0</subfield>
    <subfield code="a">EDU</subfield>
    <subfield code="b">EDU</subfield>
    <subfield code="c">Open</subfield>
    <subfield code="d">2026-07-02</subfield>
    <subfield code="e">Purchased</subfield>
    <subfield code="l">0</subfield>
    <subfield code="o">428.0071 DIV</subfield>
    <subfield code="p">14998</subfield>
    <subfield code="r">2026-07-02 11:53:24</subfield>
    <subfield code="w">2026-07-02</subfield>
    <subfield code="y">BOOK</subfield>
  </datafield>
  <datafield tag="952" ind1=" " ind2=" ">
    <subfield code="0">0</subfield>
    <subfield code="1">0</subfield>
    <subfield code="2">ddc</subfield>
    <subfield code="4">0</subfield>
    <subfield code="7">0</subfield>
    <subfield code="a">EDU</subfield>
    <subfield code="b">EDU</subfield>
    <subfield code="c">Open</subfield>
    <subfield code="d">2026-07-02</subfield>
    <subfield code="e">Purchased</subfield>
    <subfield code="l">0</subfield>
    <subfield code="o">428.0071 DIV</subfield>
    <subfield code="p">14999</subfield>
    <subfield code="r">2026-07-02 11:53:24</subfield>
    <subfield code="w">2026-07-02</subfield>
    <subfield code="y">BOOK</subfield>
  </datafield>
</record>
